Ville américaine par lettre A sur une carte - Statistiques

Statistiques générales
  • Ce quiz a été pris 105 fois
  • Le résultat moyen est 4 sur 15
Réponses sur la Carte
Les réponses sont colorées sur une échelle allant du rouge au vert en fonction du pourcentage des utilisateurs qui les ont devinées à leur premier essai. Vous pouvez retrouver ces pourcentages ci-dessous.
 
Statistiques - réponses
City % Correct
Atlanta
84%
Austin
78%
Anchorage
70%
Albuquerque
55%
Albany
34%
Anaheim
23%
Arlington
14%
Augusta
13%
Akron
12%
Aurora
11%
Amarillo
9%
Ann Arbor
5%
Allentown
4%
Appleton
3%
Asheville
3%
Aucun quiz correspondant
Distribution des résultats
% des personnes avec chaque résultat
Percentile par nombre de réponses
Votre historique - résultats
Vous n’avez pas pris ce quiz